| 000 | 00479nam a2200193Ia 4500 | ||
|---|---|---|---|
| 003 | LK-CoDNM | ||
| 008 | 010623t2001 xxu||||| |||| 00| 1 sin d | ||
| 040 |
_aLK-CoDNM _dLK-CoDNM _eLK-CoDNM |
||
| 041 | _asin | ||
| 080 | _a159.9 MUR | ||
| 100 | _aMaithri Murthi | ||
| 245 | _aනංගී වෙතටයි | ||
| 246 | _aNangi Vethatyi | ||
| 260 |
_bStamferd Lake _aPannipitiya _c2001 |
||
| 300 | _b136p., 18 cm | ||
| 650 | _aEthics | ||
| 650 | _aPsychology | ||
| 942 | _cBK | ||
| 999 |
_c121239 _d121239 |
||